00648nam a2200205 a 450000100060000000300080000600500170001400800410003103500190007204000320009104100080012308200220013124501130015325000200026626000390028630000350032550000190036065000290037970000340040842273BD-RUjL20211209053521.0160611s1966 nyua 000 0 eng  a(BD-RUjL)42391 aDLCcWSUdOCLdBD-RUjLbeng aeng a327bINT 196922301aInternational politics and foreign policy :ba reader in research and theory /cedited by, James N. Rosenaue aRevised Edition aNew York :bThe Free Press,cc1969 axiii, 740 p. :bill. ;c26 cm. aIncludes Index 0aInternational relations. aRosenaue, James N. edited by